Temperature dependent evolution of secondary phases in Cr-Mn-N austenitic steel
Salvato in:
| Autore principale: | |
|---|---|
| Altri autori: | |
| Natura: | Manoscritto Libro |
| Lingua: | inglese |
| Pubblicazione: |
STU v Bratislave MTF UMAT,
2010
|
| Soggetti: | |
| Accesso online: | VAIS |
| Tags: |
Nessun Tag, puoi essere il primo ad aggiungerne!!
|
MARC
| LEADER | 00000ntm a22000003a 4500 | ||
|---|---|---|---|
| 001 | stu206720 | ||
| 005 | 20150617230059.7 | ||
| 008 | 100708s2010------------------------eng-d | ||
| 040 | |a STU |b slo | ||
| 041 | 0 | |a eng | |
| 100 | 1 | |a Švantner, Tomáš, |d 1986- |4 aut |u M1000 |U MTF Materiálovotechnologická fakulta |T MTF Ústav materiálov |X 34060 |U M1000 |Y 81 |7 A000034060 | |
| 242 | 0 | 0 | |a Teplotne závislá evolúcia sekundárnych fáz v Cr-Mn-N austenitickej oceli |y slo |
| 245 | 1 | |a Temperature dependent evolution of secondary phases in Cr-Mn-N austenitic steel | |
| 260 | |b STU v Bratislave MTF UMAT, |c 2010 | ||
| 650 | 7 | |a precipitation |2 estusub | |
| 650 | 7 | |a austenitické nehrdzavejúce ocele |2 stusub | |
| 650 | 7 | |a precipitácia |2 stusub | |
| 700 | 1 | |a Dománková, Mária, |d 1966- |4 ths |u M1000 |U MTF Materiálovotechnologická fakulta |T MTF Ústav materiálov |X 251 |U M1000 |Y 81 |7 A000000251 | |
| 856 | 4 | |a info a plný text |u http://is.stuba.sk/zp/portal_zp.pl?podrobnosti=75354 |3 VAIS | |
| 996 | |c M*DP-9137 |l MMSKP |s P |a 0 |w stu206720_0001 | ||